000 01511nam a22004937a 4500
001 BR7807010
003 BR-BrBNA
005 20230928085804.0
007 ta
008 230509b bl.||||| |||| 00| 0 por d
040 _aBR-BrBNA
_bpor
_cBiblioteca Nacional de Agricultura
041 _a(Por)
072 _aE30; F00; L00
_b/G514
090 _ E30 BR7807010
110 1 _aCentro de Treinamento em Desenvolvimento Economico, Fortaleza, CE (Brasil)
_91678
245 1 _aMicrorregiao Serra de Baturite. Estrategias de desenvolvimento [desenvolvimento agricola, pecuaria, sociologia rural, Ceara, Brasil]
_b4. Curso de Planejamento Regional
260 3 _aFortaleza, CE (Brasil):
_c1978.
300 _a311 p.
500 _aBibliography p. 309-312 (70 ref.). (*) Documento disponível na(o) Centro de Treinamento em Desenvolvimento Economico, Fortaleza, CE (Brazil)
650 _aGEOMORFOLOGIA
650 _aCLIMATOLOGIA
650 _aSOCIOLOGIA RURAL
650 _aHIDROLOGIA
650 _aPEDOLOGIA
650 _aVEGETACAO
650 _aFAUNA
650 _aBANANA
650 _aALGODAO
650 _aARROZ
650 _aMANDIOCA
650 _aPECUARIA
650 _aESTRUTURA AGRARIA
650 _aCREDITO RURAL
650 _aTRANSPORTE
650 _aCOMUNICACAO
650 _aENERGIA ELETRICA
650 _aDEMOGRAFIA
650 _aSANEAMENTO
650 _aEDUCACAO
650 _aBATURITE
650 _aCEARA
909 _a202309
_bLucia
_c55
_dLucia Elande
942 _cBK
999 _c26345
_d26345